| 000 | 01009nam a22003017a 4500 | ||
|---|---|---|---|
| 003 | CHAP | ||
| 005 | 20220329134944.0 | ||
| 008 | 971013s1980 r 00010 d | ||
| 010 | _a28652 | ||
| 011 | _a29624 | ||
| 035 | _a33735 | ||
| 040 | _cCHAP | ||
| 082 |
_a635.9 _bL3 |
||
| 100 | 0 | 0 |
_aLarson, Roy A. _964991 |
| 245 | _aIntroduction to floriculture | ||
| 260 |
_aNew York : _bAcademic Press, _c1980 |
||
| 300 |
_a607 p. _b: ilus. |
||
| 590 |
_aBATCH-UPD _b10 _c20130110 _lUCH01 _h1506 |
||
| 590 |
_aCONVERSION _b10 _c20130109 _lUCH01 _h1316 |
||
| 650 | 1 | 4 |
_aFloricultura. _941822 |
| 901 | _aBK | ||
| 942 | _cLIBRO | ||
| 949 |
_a635.9 L3 _bBC _cLIBRO _d-78432 _eLIBRO _fc.4 _h89991 _i33735 _si |
||
| 949 |
_a635.9 L3 _bBC _cLIBRO _d33724000253241 _eLIBRO _fc.5 _h56068 _i33735 _si |
||
| 949 |
_a635.9 L3 _bBC _cLIBRO _d33724000253258 _eLIBRO _fc.3 _h41367 _i33735 _si |
||
| 949 |
_a635.9 L3 _bBC _cLIBRO _d33724000253266 _eLIBRO _fc.2 _h41366 _i33735 _si |
||
| 949 |
_a635.9 L3 _bBC _cLIBRO _d33724000253274 _eLIBRO _h41365 _i33735 _si |
||
| 999 |
_c28652 _d28652 |
||